MARC details
| 000 -CABECERA |
| campo de control de longitud fija |
02548cam a2200301 i 4500 |
| 001 - NÚMERO DE CONTROL |
| campo de control |
a12740899 |
| 003 - IDENTIFICADOR DEL NÚMERO DE CONTROL |
| campo de control |
SIRSI |
| 005 - FECHA Y HORA DE LA ÚLTIMA TRANSACCIÓN |
| campo de control |
20251022144037.0 |
| 008 - DATOS DE LONGITUD FIJA--INFORMACIÓN GENERAL |
| campo de control de longitud fija |
140116s2014 maua b 001 0 eng |
| 010 ## - NÚMERO DE CONTROL DE LA BIBLIOTECA DEL CONGRESO |
| Número de control de LC |
2014000382 |
| 020 ## - NÚMERO INTERNACIONAL ESTÁNDAR DEL LIBRO |
| Número Internacional Estándar del Libro |
9781625272225 |
| 040 ## - FUENTE DE LA CATALOGACIÓN |
| Centro catalogador/agencia de origen |
DLC |
| Lengua de catalogación |
eng |
| Normas de descripción |
rda |
| Centro/agencia transcriptor |
DLC |
| Centro/agencia modificador |
YDX |
| -- |
BTCTA |
| -- |
OCLCO |
| -- |
BDX |
| -- |
MLY |
| -- |
YDXCP |
| -- |
NhCcYME |
| -- |
UtOrBLW |
| 041 ## - CÓDIGO DE LENGUA |
| Código de lengua del texto/banda sonora o título independiente |
eng |
| 042 ## - CÃDIGO DE AUTENTICACIÃN |
| Código de autenticación |
pcc |
| 049 ## - FONDOS LOCALES (OCLC) |
| Fondos de biblioteca |
UPMM |
| 050 00 - SIGNATURA TOPOGRÁFICA DE LA BIBLIOTECA DEL CONGRESO |
| Número de clasificación |
HD30.28 |
| Número de documento/Ítem |
.C7325 2014 |
| 245 00 - MENCIÓN DE TÍTULO |
| Título |
Creating business plans |
| Resto del título |
: gather your resources, describe the opportunity, get buy-in. |
| 260 ## - PUBLICACIÓN, DISTRIBUCIÓN, ETC. |
| Lugar de publicación, distribución, etc. |
Boston, MA : |
| Nombre del editor, distribuidor, etc. |
Harvard Business Review Press, |
| Fecha de publicación, distribución, etc. |
2014. |
| 300 ## - DESCRIPCIÓN FÍSICA |
| Extensión |
viii, 141 pages ; |
| Dimensiones |
18 cm. |
| 490 ## - MENCIÓN DE SERIE |
| Mención de serie |
20-minute manager series |
| 504 ## - NOTA DE BIBLIOGRAFÍA, ETC. |
| Nota de bibliografía, etc. |
Includes bibliographical references and index. |
| 505 0# - NOTA DE CONTENIDO CON FORMATO |
| Nota de contenido con formato |
Machine generated contents note: Why Write a Business Plan? — Getting started — The structure of a business plan — Describing the Opportunity — Presenting your idea — Executive summary — Business description — Analyzing the business environment — Industry background — Competitive analysis — Market analysis — Introducing Your Management Team — Highlighting qualifications — Presenting the team as a unit — Bringing Your Product to Market — Operations plan: Articulating day-to-day business — Marketing plan: Promoting your value proposition — Projecting Financial Risk and Reward — Preparing your financial plan — Anticipating readers' concerns — Attachments and Milestones — Supplemental information — Milestones. |
| 520 ## - SUMARIO, ETC. |
| Sumario, etc. |
A well-crafted business plan generates enthusiasm for your idea and boosts your odds of success—whether you're proposing a new initiative within your organization or starting an entirely new company. Creating Business Plans quickly walks you through the basics. You'll learn to: <br/><br/>Present your idea clearly; <br/>Develop sound financial plans; <br/>Project risks—and rewards; <br/>Anticipate and address your audience's concerns. <br/><br/>Don't have much time? Get up to speed fast on the most essential business skills with HBR's 20-Minute Manager series. Whether you need a crash course or a brief refresher, each book in the series is a concise, practical primer that will help you brush up on a key management topic. Advice you can quickly read and apply, for ambitious professionals and aspiring executives—from the most trusted source in business. |
| 650 #0 - PUNTO DE ACCESO ADICIONAL DE MATERIA--TÉRMINO DE MATERIA |
| Término de materia o nombre geográfico como elemento de entrada |
Business planning |
| 9 (RLIN) |
1415 |
| 650 #0 - PUNTO DE ACCESO ADICIONAL DE MATERIA--TÉRMINO DE MATERIA |
| Término de materia o nombre geográfico como elemento de entrada |
Industrial management |
| 9 (RLIN) |
20469 |
| 710 ## - ENTRADA AGREGADA--NOMBRE DE ENTIDAD CORPORATIVA |
| Nombre de entidad corporativa o nombre de jurisdicción como elemento de entrada |
Harvard Business Review Press (Firm) |
| Término indicativo de función/relación |
publisher |
| 9 (RLIN) |
25086 |
| 942 ## - ELEMENTOS DE ENTRADA AGREGADA (KOHA) |
| Fuente del sistema de clasificación o colocación |
Clasificación de Library of Congress |